000 00500nam a2200169Ia 4500
999 _c22448
_d22448
003 OSt
005 20200215093738.0
008 190216s9999||||xx |||||||||||||| ||und||
020 _a8172046103
040 _coclc
082 _a297.122
_bMOU/P
100 _aMoulavi, K C Abdulla
_91854
245 0 _aParalokam Qur`anil /
_c K C Abdulla Moulavi
260 _bIslamic Publishing House,
_c2000.
_aKozhikode:
300 _a190p
942 _cBK
_2ddc
_h297.122
_iMOU/P
_k297.122
_mMOU/P